000 00459nam a2200169Ia 4500
003 GCL
008 140319s9999 xx 000 0 ara d
040 _aGCL /
_cGCL
082 0 4 _aد
_b050
100 1 _aمحمد الدسوقى
245 1 0 _aالهجرة فى القران (اقرا 338 ) /
_cمحمد الدسوقى
300 _a170
490 _aاقرأ
_v0
650 0 4 _aالهجرة الى المدينة
650 0 4 _aالقران
942 _2ddc
_cBK
999 _c48653
_d48653